Exporten färdig — 

 Global marketing

Saved in:
Bibliographic Details
Main Author:  Keegan, Warren J
Format: Sách
Language:Undetermined
Published:  Pearson  2017
Subjects:
Tags: Add Tag
No Tags, Be the first to tag this record!
Institutions: Trung tâm Thư viện - Trường Đại học Công nghiệp TP. Hồ Chí Minh
LEADER 00469nam a2200157Ia 4500
001 UIH_06054
008 231011s9999 xx 000 0 und d
082 |a  658.84 
100 |a  Keegan, Warren J 
245 0 |a  Global marketing 
245 0 |c  Keegan, Warren J 
260 |b  Pearson 
260 |c  2017 
650 |a  Export marketing; Tiếp thị;  
927 |a Sách 
980 |a Trung tâm Thư viện - Trường Đại học Công nghiệp TP. Hồ Chí Minh